[Event "I Open Distrito de Chamartin 2012"]
[Site "Madrid ESP"]
[Date "2012.09.12"]
[Round "5.36"]
[White "Santamaria Baeza, Adolfo"]
[Black "Garceran Izquierdo, Ruben"]
[Result "1-0"]
[WhiteElo "1897"]
[BlackElo "1719"]
[PlyCount "117"]
[EventDate "2012.09.09"]
[EventType "swiss"]
[EventRounds "9"]
[EventCountry "ESP"]
[Source "lmi"]
[SourceDate "2012.09.09"]

1. e4 d5 2. exd5 Qxd5 3. Nf3 Nf6 4. Nc3 Qd8 5. Bc4 e6 6. d3 Be7 7. O-O O-O 8.
Re1 c6 9. a4 b6 10. Bf4 Bb7 11. Qe2 Nd5 12. Bxd5 cxd5 13. d4 Nc6 14. Rad1 Rc8
15. Ne5 Bb4 16. Nxc6 Bxc6 17. Qg4 Qf6 18. Re3 Bxc3 19. bxc3 Bxa4 20. Rg3 Qg6
21. Qh4 Qxc2 22. Rc1 Qf5 23. Qh6 g6 24. Rh3 g5 25. Rg3 f6 26. Bxg5 Kf7 27. Rf3
Qxf3 28. gxf3 fxg5 29. Qxh7+ Kf6 30. Re1 Rce8 31. Qxa7 b5 32. Qh7 Rh8 33. Qc7
Rhf8 34. Kh1 Rg8 35. Rg1 Rc8 36. Qe5+ Kf7 37. f4 gxf4 38. Qxf4+ Ke7 39. Rxg8
Rxg8 40. h4 Bc2 41. h5 Bf5 42. f3 Rg7 43. h6 Rh7 44. Qg5+ Kf7 45. Kg2 Bg6 46.
Kh3 Bf5+ 47. Kh4 Bg6 48. Qf4+ Bf5 49. Kg5 Ke7 50. Qc7+ Ke8 51. Qc6+ Kd8 52.
Qd6+ Kc8 53. Kf4 Kb7 54. Qf8 Kb6 55. Ke5 Kc7 56. f4 Kd7 57. Qd6+ Kc8 58. Qc6+
Kd8 59. Kd6 1-0

[Event "I Open Distrito de Chamartin 2012"]
[Site "Madrid ESP"]
[Date "2012.09.12"]
[Round "5.37"]
[White "Juberias Guillen, Paloma"]
[Black "Matesanz Bonastre, Rafael"]
[Result "1/2-1/2"]
[WhiteElo "1788"]
[BlackElo "1631"]
[PlyCount "110"]
[EventDate "2012.09.09"]
[EventType "swiss"]
[EventRounds "9"]
[EventCountry "ESP"]
[Source "lmi"]
[SourceDate "2012.09.09"]

1. d4 d5 2. c4 e6 3. Nc3 Nf6 4. Nf3 Be7 5. e3 a6 6. Bd3 dxc4 7. Bxc4 b5 8. Bd3
O-O 9. e4 b4 10. Ne2 Bb7 11. Qc2 g6 12. Ng3 a5 13. e5 Nfd7 14. Be4 Bxe4 15.
Qxe4 Na6 16. h4 c5 17. h5 cxd4 18. Bh6 Nac5 19. Qxd4 Nxe5 20. Qxd8 Nxf3+ 21.
gxf3 Rfxd8 22. hxg6 hxg6 23. Rh3 Bf8 24. Ke2 Bxh6 25. Rxh6 Kg7 26. Rah1 Rh8 27.
Rxh8 Rxh8 28. Rc1 Na4 29. Ne4 Nxb2 30. Rc5 Ra8 31. Rc7 Na4 32. Kd3 Nb6 33. Ng5
Rd8+ 34. Kc2 Rc8 35. Nxe6+ Kf6 36. Rxc8 Nxc8 37. Nd4 Ne7 38. Nb3 Nc6 39. Kd3
Kf5 40. Ke3 Ke5 41. f4+ Kd5 42. Kd3 a4 43. Nd2 Na5 44. f3 f6 45. Ne4 Ke6 46.
Nc5+ Kd5 47. Nxa4 b3 48. Nc3+ Ke6 49. axb3 Nxb3 50. Ne4 Kf5 51. Ke3 Na5 52.
Ng3+ Ke6 53. f5+ gxf5 54. Kf4 Nc4 55. Nxf5 Ne5 1/2-1/2

[Event "I Open Distrito de Chamartin 2012"]
[Site "Madrid ESP"]
[Date "2012.09.12"]
[Round "5.38"]
[White "Cabeza Hernandez, Guillermo"]
[Black "Sanchez Rodenas, Antonio"]
[Result "1-0"]
[WhiteElo "1546"]
[BlackElo "1756"]
[PlyCount "81"]
[EventDate "2012.09.09"]
[EventType "swiss"]
[EventRounds "9"]
[EventCountry "ESP"]
[Source "lmi"]
[SourceDate "2012.09.09"]

1. c4 e6 2. g3 Nf6 3. Bg2 d5 4. Nf3 Be7 5. O-O O-O 6. cxd5 exd5 7. d3 c6 8. a3
Re8 9. b4 Nbd7 10. Bb2 Bd6 11. Re1 Ne5 12. Nbd2 Bg4 13. Qb3 Qd7 14. Rac1 Re7
15. Bxe5 Bxe5 16. Nxe5 Rxe5 17. e3 Bh3 18. d4 Bxg2 19. dxe5 Ne4 20. Nxe4 Bxe4
21. f3 Bxf3 22. Qb2 Re8 23. Rf1 Be4 24. Rf4 Re6 25. Rcf1 Bg6 26. Qd4 b6 27. e4
Qe7 28. exd5 cxd5 29. Qxd5 Rxe5 30. Qa8+ Qe8 31. Qxe8+ Rxe8 32. Rc1 Kf8 33. Rc7
a5 34. bxa5 bxa5 35. Ra7 Re5 36. Ra4 Re1+ 37. Kf2 Rh1 38. h4 Rh2+ 39. Kg1 Re2
40. R4xa5 Bd3 41. Rd5 1-0

[Event "I Open Distrito de Chamartin 2012"]
[Site "Madrid ESP"]
[Date "2012.09.12"]
[Round "5.40"]
[White "Castro Uceda, Jose Antonio"]
[Black "Barria Arbunic, Manuel"]
[Result "1-0"]
[WhiteElo "1657"]
[BlackElo "1470"]
[PlyCount "79"]
[EventDate "2012.09.09"]
[EventType "swiss"]
[EventRounds "9"]
[EventCountry "ESP"]
[Source "lmi"]
[SourceDate "2012.09.09"]

1. d4 Nf6 2. c4 e6 3. Nc3 c5 4. d5 exd5 5. cxd5 d6 6. e4 g6 7. Nf3 Bg7 8. Bb5+
Nfd7 9. O-O O-O 10. Re1 a6 11. Bxd7 Nxd7 12. a4 Re8 13. Bf4 Ne5 14. Nxe5 Bxe5
15. Qd2 Qf6 16. Bg5 Qg7 17. Rab1 Bd7 18. a5 Bf6 19. Bxf6 Qxf6 20. h3 Rab8 21.
Nd1 Qh4 22. Qe3 Ba4 23. Nc3 Bd7 24. Re2 Re7 25. Qd3 Rbe8 26. b4 cxb4 27. Rxb4
Rc8 28. Rxb7 Bg4 29. Rxe7 Bxe2 30. Nxe2 Qxe7 31. Qxa6 Qc7 32. Nd4 Qc1+ 33. Qf1
Rc4 34. Qxc1 Rxc1+ 35. Kh2 Rc4 36. Nb5 Rxe4 37. a6 Ra4 38. a7 Kf8 39. Kg3 Ke7
40. f4 1-0

[Event "I Open Distrito de Chamartin 2012"]
[Site "Madrid ESP"]
[Date "2012.09.12"]
[Round "5.41"]
[White "Picazo Sancho, Alvaro"]
[Black "Salgado Duarte, Pablo"]
[Result "0-1"]
[WhiteElo "1481"]
[BlackElo "1579"]
[PlyCount "56"]
[EventDate "2012.09.09"]
[EventType "swiss"]
[EventRounds "9"]
[EventCountry "ESP"]
[Source "lmi"]
[SourceDate "2012.09.09"]

1. e4 e5 2. Nf3 Nc6 3. Nc3 a6 4. Bc4 Be7 5. d3 Nf6 6. Bg5 d6 7. a3 Bg4 8. h3
Bh5 9. g4 Bg6 10. Nh4 Qd7 11. Nxg6 hxg6 12. f3 Nd4 13. Nd5 Nxd5 14. Bxe7 Nxe7
15. c3 Ndc6 16. h4 Rf8 17. b4 b5 18. Bb3 f5 19. g5 fxe4 20. dxe4 Nd8 21. c4 Ne6
22. a4 Nd4 23. axb5 Nxf3+ 24. Ke2 Qg4 25. Bc2 Nd4+ 26. Kd2 Rf2+ 27. Ke1 Re2+
28. Kf1 Qg2# 0-1

[Event "I Open Distrito de Chamartin 2012"]
[Site "Madrid ESP"]
[Date "2012.09.13"]
[Round "6.2"]
[White "Longa Yauca, Javier"]
[Black "Vera Gonzalez-Quevedo, Reynaldo"]
[Result "0-1"]
[WhiteElo "2289"]
[BlackElo "2481"]
[PlyCount "52"]
[EventDate "2012.09.09"]
[EventType "swiss"]
[EventRounds "9"]
[EventCountry "ESP"]
[Source "lmi"]
[SourceDate "2012.09.09"]

1. d4 Nf6 2. Nf3 d5 3. c4 e6 4. Bg5 dxc4 5. e3 b5 6. Be2 Bb7 7. O-O Nbd7 8. a4
a6 9. b3 cxb3 10. axb5 axb5 11. Rxa8 Qxa8 12. Bxb5 c6 13. Bd3 c5 14. Nc3 Be7
15. Bb5 Bc6 16. Qxb3 O-O 17. Rc1 Bxf3 18. Bxd7 Bxg2 19. Bxe6 fxe6 20. Qxe6+ Rf7
21. Bxf6 Bxf6 22. e4 Bf3 23. e5 Bg5 24. Rb1 cxd4 25. Qd6 Rf8 26. Qxd4 Qc8 0-1

[Event "I Open Distrito de Chamartin 2012"]
[Site "Madrid ESP"]
[Date "2012.09.13"]
[Round "6.3"]
[White "Sanchez Gonzalez, Sergio"]
[Black "Elissalt Cardenas, Hector"]
[Result "0-1"]
[WhiteElo "2273"]
[BlackElo "2353"]
[PlyCount "90"]
[EventDate "2012.09.09"]
[EventType "swiss"]
[EventRounds "9"]
[EventCountry "ESP"]
[Source "lmi"]
[SourceDate "2012.09.09"]

1. e4 g6 2. d4 Bg7 3. Nf3 c6 4. Nc3 d5 5. Be2 Nh6 6. O-O f6 7. b3 Nf7 8. a4 O-O
9. Ba3 Re8 10. Re1 e6 11. Bf1 b6 12. Na2 Bb7 13. exd5 cxd5 14. c4 Nc6 15. cxd5
exd5 16. Rxe8+ Qxe8 17. Qd3 Bf8 18. b4 Qd8 19. h4 Nd6 20. Qb3 Ne7 21. Nc3 a6
22. b5 a5 23. Re1 Rc8 24. Bxd6 Qxd6 25. Ne4 Qb4 26. Nxf6+ Kg7 27. Qxb4 axb4 28.
Nd7 Rc3 29. Ng5 Bc8 30. Nxb6 Bf5 31. a5 Ra3 32. a6 b3 33. g4 Bc2 34. Nd7 b2 35.
b6 Nc6 36. Ne6+ Kg8 37. Nexf8 Ra1 38. a7 Nxa7 39. bxa7 Rxa7 40. g5 Ra1 41. Re8
b1=Q 42. Nxg6+ Kg7 43. Re7+ Kxg6 44. Nf8+ Kh5 45. Rxh7+ Bxh7 0-1

[Event "I Open Distrito de Chamartin 2012"]
[Site "Madrid ESP"]
[Date "2012.09.13"]
[Round "6.4"]
[White "Perez Gonzalez, Jose Manuel"]
[Black "Abul, Qasem"]
[Result "1-0"]
[WhiteElo "2333"]
[BlackElo "2030"]
[PlyCount "67"]
[EventDate "2012.09.09"]
[EventType "swiss"]
[EventRounds "9"]
[EventCountry "ESP"]
[Source "lmi"]
[SourceDate "2012.09.09"]

1. e4 e5 2. Nf3 Nc6 3. d4 exd4 4. Bc4 Bc5 5. c3 Qe7 6. O-O Ne5 7. Nxe5 Qxe5 8.
Kh1 Ne7 9. Re1 dxc3 10. Nxc3 O-O 11. f4 Qf6 12. e5 Qg6 13. Ne4 Qc6 14. Bd3 d5
15. exd6 Bxd6 16. Qh5 f5 17. Ng5 h6 18. Bd2 b5 19. Rac1 Qd5 20. Bc2 Qxa2 21.
Qf3 Qa6 22. Bb3+ Kh8 23. Bc3 Ng8 24. Nf7+ Rxf7 25. Bxf7 Bb7 26. Qg3 Bf8 27. Re6
Qa4 28. Qh4 Kh7 29. Bg6+ Kh8 30. Bxf5 Bd5 31. Rxh6+ Nxh6 32. Qxh6+ Kg8 33. Bh7+
Kf7 34. Qh5+ 1-0

[Event "I Open Distrito de Chamartin 2012"]
[Site "Madrid ESP"]
[Date "2012.09.13"]
[Round "6.5"]
[White "Almagro Llamas, Pablo"]
[Black "Nieto De La Cruz, Julio"]
[Result "1/2-1/2"]
[WhiteElo "2455"]
[BlackElo "2139"]
[PlyCount "62"]
[EventDate "2012.09.09"]
[EventType "swiss"]
[EventRounds "9"]
[EventCountry "ESP"]
[Source "lmi"]
[SourceDate "2012.09.09"]

1. Nf3 g6 2. d4 Nf6 3. c4 c5 4. d5 b5 5. cxb5 a6 6. Qc2 Nxd5 7. Qxc5 Bb7 8. e4
Nf6 9. e5 Ne4 10. Qe3 axb5 11. Bd3 Qa5+ 12. Nbd2 Nxd2 13. Bxd2 b4 14. O-O Bg7
15. a3 Bxf3 16. Qxf3 Nc6 17. Be4 O-O 18. Bxc6 dxc6 19. Bxb4 Qxe5 20. Rab1 c5
21. Rfe1 Qd6 22. Bc3 Rab8 23. Bxg7 Kxg7 24. Qc3+ Qf6 25. Qxc5 Rfc8 26. Qe3 Rxb2
27. Rxb2 Qxb2 28. h4 Ra8 29. h5 Qxa3 30. Qe5+ f6 31. Qxe7+ Qxe7 1/2-1/2

[Event "I Open Distrito de Chamartin 2012"]
[Site "Madrid ESP"]
[Date "2012.09.13"]
[Round "6.6"]
[White "Gonzalez Mateos, Rafael"]
[Black "Rodriguez Perez, David"]
[Result "1-0"]
[WhiteElo "2161"]
[BlackElo "2019"]
[PlyCount "89"]
[EventDate "2012.09.09"]
[EventType "swiss"]
[EventRounds "9"]
[EventCountry "ESP"]
[Source "lmi"]
[SourceDate "2012.09.09"]

1. d4 Nf6 2. c3 e6 3. Bg5 c5 4. e3 cxd4 5. exd4 Be7 6. Nf3 d6 7. Nbd2 Nbd7 8.
Bd3 b6 9. Qe2 Nd5 10. Bxe7 Qxe7 11. g3 Bb7 12. O-O O-O 13. Rfe1 Rae8 14. a4 Qd8
15. Ba6 Ba8 16. Bb5 Qc7 17. a5 Bc6 18. Bxc6 Qxc6 19. Qc4 Qb7 20. Ne4 N7f6 21.
Nxf6+ Nxf6 22. Nd2 d5 23. Qb5 Rb8 24. axb6 Qxb6 25. Qxb6 Rxb6 26. b3 a6 27. f3
Rc8 28. Rec1 Ne8 29. Kf2 Rbc6 30. c4 dxc4 31. bxc4 Nd6 32. c5 Nf5 33. Nb3 Rb8
34. Rc3 Rb4 35. Rd3 Rc4 36. Ra2 Rb4 37. g4 Ne7 38. Na5 Rc8 39. f4 Nc6 40. Nxc6
Rxc6 41. Ke3 f5 42. gxf5 exf5 43. Rc2 Re6+ 44. Kf3 Rb1 45. d5 1-0

[Event "I Open Distrito de Chamartin 2012"]
[Site "Madrid ESP"]
[Date "2012.09.13"]
[Round "6.7"]
[White "Spitzer Isbert, Ramon"]
[Black "Acuna Celada, Ivan"]
[Result "1/2-1/2"]
[WhiteElo "2078"]
[BlackElo "2152"]
[PlyCount "61"]
[EventDate "2012.09.09"]
[EventType "swiss"]
[EventRounds "9"]
[EventCountry "ESP"]
[Source "lmi"]
[SourceDate "2012.09.09"]

1. Nf3 Nf6 2. g3 g6 3. Bg2 Bg7 4. O-O O-O 5. c4 d6 6. d4 c6 7. Nc3 Nbd7 8. b3
e5 9. dxe5 dxe5 10. Bb2 Re8 11. Ng5 Qc7 12. Qc2 h6 13. Nge4 Nxe4 14. Nxe4 Nf6
15. Nxf6+ Bxf6 16. Rfd1 Be6 17. Rd2 Rad8 18. Rad1 Rxd2 19. Rxd2 Rd8 20. Be4 Kg7
21. Kg2 Rxd2 22. Qxd2 Qd7 23. Qxd7 Bxd7 24. Kf3 Kf8 25. Ke3 Bg5+ 26. Kd3 f5 27.
Bg2 e4+ 28. Kc2 Kf7 29. Bd4 a6 30. a4 Bf6 31. Kc3 1/2-1/2

[Event "I Open Distrito de Chamartin 2012"]
[Site "Madrid ESP"]
[Date "2012.09.13"]
[Round "6.8"]
[White "Castellanos, Jorge"]
[Black "Gonzalez Pabollet, Jesus Maria"]
[Result "1-0"]
[WhiteElo "2201"]
[BlackElo "1978"]
[PlyCount "63"]
[EventDate "2012.09.09"]
[EventType "swiss"]
[EventRounds "9"]
[EventCountry "ESP"]
[Source "lmi"]
[SourceDate "2012.09.09"]

1. e4 c5 2. Nf3 e6 3. b3 a6 4. Bb2 Nc6 5. g3 Nf6 6. e5 Nd5 7. c4 Nde7 8. Bg2
Qc7 9. O-O Rb8 10. Re1 b5 11. d3 Nf5 12. Nbd2 d5 13. exd6 Nxd6 14. d4 cxd4 15.
Nxd4 Nxd4 16. Bxd4 Nf5 17. Bb2 Bb4 18. a3 Bxd2 19. Qxd2 bxc4 20. Be5 Qa7 21.
Bc6+ Ke7 22. Qg5+ f6 23. Bxb8 Qc5 24. Ba7 Qxc6 25. Qxf5 e5 26. Qe4 Qc7 27. Qe3
Qb7 28. bxc4 Kf7 29. Rab1 Qa8 30. Rb8 Qc6 31. Qc5 Qd7 32. Qd5+ 1-0

[Event "I Open Distrito de Chamartin 2012"]
[Site "Madrid ESP"]
[Date "2012.09.13"]
[Round "6.9"]
[White "Gomez Gonzalez, Javier"]
[Black "Noval Toldos, Francisco Javier"]
[Result "1/2-1/2"]
[WhiteElo "2137"]
[BlackElo "1956"]
[PlyCount "137"]
[EventDate "2012.09.09"]
[EventType "swiss"]
[EventRounds "9"]
[EventCountry "ESP"]
[Source "lmi"]
[SourceDate "2012.09.09"]

1. e4 c5 2. Nf3 d6 3. d4 cxd4 4. Nxd4 Nf6 5. Nc3 a6 6. Be2 e5 7. Nf3 Be7 8. O-O
O-O 9. Bg5 Be6 10. Qd3 Nbd7 11. h3 Rc8 12. Nd2 Nc5 13. Qg3 Nh5 14. Bxh5 Bxg5
15. Rad1 Bf4 16. Qf3 Qg5 17. Nb3 g6 18. Bg4 f5 19. exf5 gxf5 20. Bh5 Bc4 21.
Nxc5 dxc5 22. Rfe1 e4 23. Nxe4 fxe4 24. Qxe4 Bxa2 25. Bg4 Rce8 26. Qxb7 h5 27.
Bf3 Bc4 28. b3 Rb8 29. Qc6 Rbc8 30. Qe4 Bf7 31. Qb7 Rcd8 32. Qxa6 Bd2 33. Re2
Bc3 34. Rd3 Bd4 35. Qc6 Rde8 36. Rxe8 Rxe8 37. Rd1 Re6 38. Qa8+ Kg7 39. Qb7 Qg3
40. Rf1 Qg5 41. Kh1 Rf6 42. Qe4 Qf4 43. Qxf4 Rxf4 44. Kg1 Bg6 45. Rc1 Bc3 46.
Rd1 Rd4 47. Rxd4 Bxd4 48. Bd1 Bc3 49. h4 Kf6 50. g3 Ke5 51. f3 Be1 52. Kg2 Kd4
53. c4 Ke3 54. b4 cxb4 55. c5 Be8 56. Kh3 Bd7+ 57. g4 hxg4+ 58. fxg4 Kf2 59. h5
Bd2 60. Kh4 Be3 61. g5 Bxc5 62. h6 Bf8 63. Bb3 Kf3 64. Bf7 Kf4 65. Kh5 Bf5 66.
Bb3 Be7 67. h7 Bxh7 68. g6 Bxg6+ 69. Kxg6 1/2-1/2

[Event "I Open Distrito de Chamartin 2012"]
[Site "Madrid ESP"]
[Date "2012.09.13"]
[Round "6.10"]
[White "Garcia Salamero, Hector"]
[Black "Ginesta Caballero, Olga Lucia"]
[Result "1-0"]
[WhiteElo "1868"]
[BlackElo "2099"]
[PlyCount "107"]
[EventDate "2012.09.09"]
[EventType "swiss"]
[EventRounds "9"]
[EventCountry "ESP"]
[Source "lmi"]
[SourceDate "2012.09.09"]

1. e4 c5 2. Nf3 g6 3. d4 cxd4 4. Nxd4 Nc6 5. g3 Bg7 6. Ne2 Nf6 7. Bg2 O-O 8.
Nbc3 d6 9. O-O Bg4 10. h3 Bd7 11. Be3 Ne8 12. f4 f5 13. Qd2 Nf6 14. exf5 gxf5
15. Rfe1 Rc8 16. Rad1 Qa5 17. Nd4 Rfe8 18. Nb3 Qd8 19. Bf2 Kh8 20. Kh2 Na5 21.
Nxa5 Qxa5 22. Nd5 Qxd2 23. Rxd2 Nxd5 24. Bxd5 e5 25. Bxa7 e4 26. c3 Bc6 27. Be3
b5 28. a3 Bd7 29. Red1 h6 30. Bf7 Bf8 31. Bxe8 Rxe8 32. Kg1 h5 33. Kf2 Be6 34.
Bd4+ Kh7 35. Ke3 d5 36. Bb6 Rb8 37. Bc7 Rb7 38. Be5 Bc5+ 39. Ke2 Rd7 40. Bd4
Bf8 41. Ra1 Bh6 42. Be3 Rd8 43. a4 Ra8 44. a5 Ra6 45. Bb6 Bf8 46. Rad1 Kg6 47.
b4 Bg7 48. Rxd5 Bxc3 49. Rd6 Kf7 50. Bc5 Bc4+ 51. Ke3 Ra8 52. Rd8 Ra6 53. R1d7+
Ke6 54. Rd6+ 1-0

[Event "I Open Distrito de Chamartin 2012"]
[Site "Madrid ESP"]
[Date "2012.09.13"]
[Round "6.11"]
[White "Cano Cabanillas, Javier"]
[Black "Gomez Feria, Jose Maria"]
[Result "1/2-1/2"]
[WhiteElo "2027"]
[BlackElo "1930"]
[PlyCount "65"]
[EventDate "2012.09.09"]
[EventType "swiss"]
[EventRounds "9"]
[EventCountry "ESP"]
[Source "lmi"]
[SourceDate "2012.09.09"]

1. e4 c5 2. Nf3 e6 3. d4 cxd4 4. Nxd4 Nc6 5. Nc3 Nf6 6. Ndb5 d6 7. Bf4 e5 8.
Bg5 a6 9. Na3 h6 10. Bxf6 Qxf6 11. Nd5 Qd8 12. Nc4 Be6 13. Nce3 Be7 14. Nxe7
Qxe7 15. c3 O-O 16. Bc4 Bxc4 17. Nxc4 Rad8 18. Ne3 Qe6 19. O-O Ne7 20. c4 Nc6
21. Qd5 Rfe8 22. Nf5 Qxd5 23. cxd5 Ne7 24. Nxe7+ Rxe7 25. Rac1 Rdd7 26. Rc8+
Kh7 27. Rfc1 Kg6 28. R1c3 f6 29. Kf1 Rf7 30. g4 Kg5 31. f3 Kf4 32. Kf2 Rfe7 33.
Rc2 1/2-1/2

[Event "I Open Distrito de Chamartin 2012"]
[Site "Madrid ESP"]
[Date "2012.09.13"]
[Round "6.12"]
[White "Avendano Mateos, Jose"]
[Black "Narro Jimenez, Jose Reyes"]
[Result "1-0"]
[WhiteElo "2014"]
[BlackElo "1835"]
[PlyCount "89"]
[EventDate "2012.09.09"]
[EventType "swiss"]
[EventRounds "9"]
[EventCountry "ESP"]
[Source "lmi"]
[SourceDate "2012.09.09"]

1. d4 Nf6 2. Nf3 g6 3. c4 Bg7 4. Nc3 d6 5. e4 O-O 6. Be2 e5 7. O-O Nc6 8. d5
Ne7 9. Ne1 Nd7 10. b4 f5 11. f3 f4 12. Bb2 b6 13. Nd3 Nf6 14. c5 bxc5 15. bxc5
Rb8 16. Ba3 Ba6 17. Nb4 Bxe2 18. Qxe2 a5 19. Nd3 Qd7 20. c6 Qc8 21. Nb2 g5 22.
Nba4 g4 23. Rab1 Rxb1 24. Rxb1 gxf3 25. gxf3 Kh8 26. Rb7 Rg8 27. Nb5 Ne8 28.
Kh1 Bf6 29. Nb2 Ng6 30. Nd3 Bh4 31. Nxc7 Nxc7 32. Bxd6 Ne8 33. Bxe5+ Nxe5 34.
Nxe5 Rg7 35. Rxg7 Kxg7 36. Nd7 Qc7 37. e5 h6 38. Qe4 Bg5 39. Qf5 Qd8 40. d6 a4
41. Kg2 Kh8 42. Qf8+ Kh7 43. Qf7+ Kh8 44. Nf8 Ng7 45. Qxg7+ 1-0

[Event "I Open Distrito de Chamartin 2012"]
[Site "Madrid ESP"]
[Date "2012.09.13"]
[Round "6.13"]
[White "Contreras Donoso, Juan Francisco"]
[Black "Rodriguez Gomez, Vicente"]
[Result "1/2-1/2"]
[WhiteElo "1766"]
[BlackElo "1992"]
[PlyCount "78"]
[EventDate "2012.09.09"]
[EventType "swiss"]
[EventRounds "9"]
[EventCountry "ESP"]
[Source "lmi"]
[SourceDate "2012.09.09"]

1. d4 d5 2. c4 e6 3. Nc3 Nf6 4. Nf3 Be7 5. e3 Nbd7 6. Qc2 c6 7. Bd3 h6 8. b3
Bd6 9. Bb2 O-O 10. h3 dxc4 11. bxc4 Qe7 12. O-O b6 13. a4 Bb7 14. e4 e5 15. d5
Nc5 16. a5 Nfd7 17. axb6 axb6 18. Rfb1 Rxa1 19. Rxa1 Ra8 20. Rxa8+ Bxa8 21. Nd2
Qg5 22. Nf1 cxd5 23. cxd5 Nxd3 24. Qxd3 Nc5 25. Qb5 Qd8 26. Ne3 g6 27. Ba3 Nxe4
28. Nxe4 Bxa3 29. Nc4 Bc5 30. Nxc5 bxc5 31. Qxc5 Bxd5 32. Nxe5 Qa8 33. Qe7 Qa1+
34. Kh2 Qd4 35. Qf6 Be6 36. Ng4 Qd6+ 37. Qe5 Qxe5+ 38. Nxe5 Kg7 39. g3 Bd5
1/2-1/2

[Event "I Open Distrito de Chamartin 2012"]
[Site "Madrid ESP"]
[Date "2012.09.13"]
[Round "6.14"]
[White "Cucarella Montell, Angels"]
[Black "Alvarez Abejon, Amilcar"]
[Result "0-1"]
[WhiteElo "1967"]
[BlackElo "2105"]
[PlyCount "46"]
[EventDate "2012.09.09"]
[EventType "swiss"]
[EventRounds "9"]
[EventCountry "ESP"]
[Source "lmi"]
[SourceDate "2012.09.09"]

1. e4 e5 2. Nf3 Nc6 3. Bb5 Nf6 4. d3 Bc5 5. O-O Nd4 6. Nxd4 Bxd4 7. c3 Bb6 8.
Bg5 c6 9. Ba4 h6 10. Bh4 d6 11. Nd2 g5 12. Bg3 Bg4 13. Qe1 h5 14. h3 h4 15. Bh2
Be6 16. Bb3 Bxb3 17. Nxb3 g4 18. hxg4 Nxg4 19. d4 Qf6 20. a4 Nxh2 21. Kxh2 Qf4+
22. Kh3 Rg8 23. Qe2 Rg3+ 0-1

[Event "I Open Distrito de Chamartin 2012"]
[Site "Madrid ESP"]
[Date "2012.09.13"]
[Round "6.15"]
[White "Marcos Herrero, Francisco"]
[Black "De La Colina Fernandez, Gerardo"]
[Result "1/2-1/2"]
[WhiteElo "1937"]
[BlackElo "2016"]
[PlyCount "101"]
[EventDate "2012.09.09"]
[EventType "swiss"]
[EventRounds "9"]
[EventCountry "ESP"]
[Source "lmi"]
[SourceDate "2012.09.09"]

1. d4 d5 2. c4 e6 3. Nf3 Nf6 4. g3 c5 5. cxd5 Nxd5 6. Bg2 Nc6 7. O-O Qb6 8. e4
Nf6 9. d5 Nd4 10. Nc3 Bd7 11. Re1 Nxf3+ 12. Bxf3 e5 13. Rb1 h6 14. Be3 Qc7 15.
a3 Bd6 16. Qd2 b5 17. Be2 a6 18. f3 O-O 19. Rec1 Rfc8 20. Bf1 Kh7 21. Kg2 Qd8
22. Bd3 Qe7 23. Rf1 c4 24. Bc2 a5 25. Rbe1 b4 26. Nb1 Bb5 27. Rf2 c3 28. Qc1
Bc4 29. axb4 axb4 30. bxc3 b3 31. Bd1 Ra1 32. Bxb3 Bxb3 33. Qb2 Rxb1 34. Rxb1
Bc4 35. Qb7 Qf8 36. Rfb2 Bd3 37. Rb6 Bxb1 38. Rxd6 Rxc3 39. Bd2 Rc2 40. Qb4
Rxd2+ 41. Kh3 Rd4 42. Qc5 Nd7 43. Qc7 Nf6 44. Qc5 g6 45. Qb6 Ng8 46. Rd7 Qc8
47. Qe6 Kh8 48. Qxf7 Qxd7+ 49. Qxd7 Bd3 50. Qc6 Bf1+ 51. Kg4 1/2-1/2

[Event "I Open Distrito de Chamartin 2012"]
[Site "Madrid ESP"]
[Date "2012.09.13"]
[Round "6.17"]
[White "Tipter, Napoleon"]
[Black "Morera Rodriguez, Ignacio"]
[Result "1-0"]
[WhiteElo "2002"]
[BlackElo "1800"]
[PlyCount "135"]
[EventDate "2012.09.09"]
[EventType "swiss"]
[EventRounds "9"]
[EventCountry "ESP"]
[Source "lmi"]
[SourceDate "2012.09.09"]

1. e4 c5 2. Nf3 d6 3. d4 cxd4 4. Qxd4 Nc6 5. Bb5 Bd7 6. Bxc6 Bxc6 7. Nc3 Nf6 8.
Bg5 e6 9. O-O-O Be7 10. Rhe1 O-O 11. Kb1 Qc7 12. Bxf6 Bxf6 13. Qxd6 Qa5 14. Qd3
Rad8 15. Qe3 Bxc3 16. Qxc3 Qxc3 17. bxc3 Rxd1+ 18. Rxd1 Bxe4 19. Ne1 g6 20. Rd7
Bc6 21. Rc7 Rd8 22. Kc1 Rd5 23. f3 Re5 24. Kd2 Ra5 25. Nd3 Rg5 26. Ne1 Rd5+ 27.
Nd3 Rd7 28. Rc8+ Kg7 29. c4 Kf6 30. Kc3 a6 31. Nb4 Ba4 32. Nd3 Rd6 33. Rb8 b6
34. Rb7 e5 35. Nb4 b5 36. Rb6 Ke6 37. c5 Rxb6 38. cxb6 Kd6 39. b7 Kc7 40. Nxa6+
Kxb7 41. Nc5+ Kc6 42. Nd3 Kd6 43. a3 f5 44. Nf2 Kd5 45. Nd1 e4 46. f4 e3 47.
Kd3 e2 48. Nc3+ Kc5 49. Nxe2 b4 50. axb4+ Kxb4 51. Nd4 Kc5 52. Ne6+ Kd5 53. Nf8
Bb5+ 54. Ke3 Ba4 55. Nxh7 Bxc2 56. Nf8 Be4 57. g3 Bg2 58. Nxg6 Bh3 59. Ne5 Ke6
60. Kf2 Kf6 61. Nf3 Kg6 62. Ng1 Bg4 63. h3 Bd1 64. Nf3 Bc2 65. Ke3 Be4 66. g4
Bb1 67. Nh4+ Kf6 68. Nxf5 1-0

[Event "I Open Distrito de Chamartin 2012"]
[Site "Madrid ESP"]
[Date "2012.09.13"]
[Round "6.20"]
[White "Moreno Zamora, Gregorio"]
[Black "Garcia Galeote, Lorenzo"]
[Result "0-1"]
[WhiteElo "1724"]
[BlackElo "2013"]
[PlyCount "123"]
[EventDate "2012.09.09"]
[EventType "swiss"]
[EventRounds "9"]
[EventCountry "ESP"]
[Source "lmi"]
[SourceDate "2012.09.09"]

1. d4 d5 2. c4 e6 3. Nc3 Nf6 4. cxd5 exd5 5. Bg5 Nbd7 6. e3 Be7 7. Bd3 c6 8.
Qc2 Nh5 9. Bxe7 Qxe7 10. Nge2 g6 11. O-O O-O 12. Rfe1 f5 13. Ng3 Ng7 14. f3 Qh4
15. Qf2 Nf6 16. b4 Qh6 17. Nce2 a6 18. a4 Bd7 19. Nf1 Rae8 20. Rab1 b5 21. a5
Ngh5 22. Neg3 Rf7 23. Re2 Kh8 24. Nxh5 Qxh5 25. Ng3 Qg5 26. Rbe1 Kg7 27. Nf1
Rfe7 28. Nd2 Rf7 29. f4 Qh6 30. h3 Ne4 31. Qf3 g5 32. Bxe4 fxe4 33. Qg3 Rf5 34.
Rf2 Qg6 35. Ref1 Ref8 36. Kh1 h5 37. fxg5 Rxf2 38. Rxf2 Rxf2 39. Qxf2 Qxg5 40.
Kh2 Qe7 41. Qf4 Qxb4 42. Qe5+ Kf8 43. Qb8+ Be8 44. Qf4+ Bf7 45. Qb8+ Kg7 46.
Qe5+ Kh7 47. Qf5+ Bg6 48. Qd7+ Kh6 49. Nf1 Qe1 50. Kg1 Qxa5 51. Qe7 b4 52. Qf8+
Kh7 53. Qe7+ Kg8 54. Qe6+ Bf7 55. Qc8+ Kg7 56. Ng3 b3 57. Nf5+ Kf6 58. Nd6 b2
59. Qf5+ Ke7 60. Qe5+ Kd7 61. Nf5 b1=Q+ 62. Kh2 0-1

[Event "I Open Distrito de Chamartin 2012"]
[Site "Madrid ESP"]
[Date "2012.09.13"]
[Round "6.21"]
[White "Hall, Rachid"]
[Black "Pardo Vaquero, Ignacio"]
[Result "0-1"]
[WhiteElo "2013"]
[BlackElo "1756"]
[PlyCount "63"]
[EventDate "2012.09.09"]
[EventType "swiss"]
[EventRounds "9"]
[EventCountry "ESP"]
[Source "lmi"]
[SourceDate "2012.09.09"]

1. Nf3 Nf6 2. d4 d6 3. c4 Nbd7 4. Nc3 e5 5. Bg5 Be7 6. e4 c6 7. Be2 O-O 8. Rc1
h6 9. Bh4 Re8 10. O-O Qc7 11. b4 a6 12. a4 b6 13. Qb3 Bb7 14. Rfd1 Rad8 15. h3
Nf8 16. b5 Ng6 17. Bxf6 Bxf6 18. bxc6 Bxc6 19. Nd5 Bxd5 20. cxd5 Qb8 21. Rc6
exd4 22. Rxb6 Qc8 23. Bxa6 Qc5 24. Rc6 Qa7 25. Bb5 Rxe4 26. Bd3 Re7 27. Bxg6
fxg6 28. Qb6 Qxb6 29. Rxb6 Ra7 30. Nxd4 Rxa4 31. Ne6 Rd7 32. Rc1 0-1